The stress-strength model and its generalizations : (Record no. 60458)
[ view plain ]
| 000 -LEADER | |
|---|---|
| fixed length control field | 01421cam a22003617a 4500 |
| 001 - CONTROL NUMBER | |
| control field | 13917819 |
| 003 - CONTROL NUMBER IDENTIFIER | |
| control field | NUST-PNEC |
| 005 - DATE AND TIME OF LATEST TRANSACTION | |
| control field | 20170116180658.0 |
| 008 - FIXED-LENGTH DATA ELEMENTS--GENERAL INFORMATION | |
| fixed length control field | 050401s2003 njua b 001 0 eng d |
| 010 ## - LIBRARY OF CONGRESS CONTROL NUMBER | |
| LC control number | 2005297360 |
| 020 ## - INTERNATIONAL STANDARD BOOK NUMBER | |
| International Standard Book Number | 9812380574 |
| 035 ## - SYSTEM CONTROL NUMBER | |
| System control number | (OCoLC)ocm52535209 |
| 040 ## - CATALOGING SOURCE | |
| Original cataloging agency | ZCU |
| Transcribing agency | PNEC |
| Modifying agency | TJC |
| -- | DLC |
| 042 ## - AUTHENTICATION CODE | |
| Authentication code | lccopycat |
| 050 00 - LIBRARY OF CONGRESS CALL NUMBER | |
| Classification number | TA169 |
| Item number | .K674 2003 |
| 082 00 - DEWEY DECIMAL CLASSIFICATION NUMBER | |
| Classification number | 620.00452 KOT |
| 100 1# - MAIN ENTRY--PERSONAL NAME | |
| Personal name | Kotz, Samuel. |
| 245 14 - TITLE STATEMENT | |
| Title | The stress-strength model and its generalizations : |
| Remainder of title | theory and applications / |
| Statement of responsibility, etc. | Samuel Kotz, Yan Lumelskii, Marianna Pensky. |
| 260 ## - PUBLICATION, DISTRIBUTION, ETC. | |
| Place of publication, distribution, etc. | River Edge, NJ : |
| Name of publisher, distributor, etc. | World Scientific, |
| Date of publication, distribution, etc. | c2003. |
| 300 ## - PHYSICAL DESCRIPTION | |
| Extent | xvii, 253 p. : |
| Other physical details | ill. ; |
| Dimensions | 24 cm. |
| 500 ## - GENERAL NOTE | |
| General note | http://www.amazon.com/Stress-Strength-Model-Its-Generalizations-Applications/dp/9812380574/ref=sr_1_2?s=books&ie=UTF8&qid=1409990945&sr=1-2&keywords=9812380574 |
| 500 ## - GENERAL NOTE | |
| General note | "P(X<Y)." |
| 504 ## - BIBLIOGRAPHY, ETC. NOTE | |
| Bibliography, etc. note | Includes bibliographical references (p. 233-249) and index. |
| 650 #0 - SUBJECT ADDED ENTRY--TOPICAL TERM | |
| Topical term or geographic name entry element | Reliability (Engineering) |
| General subdivision | Statistical methods. |
| 650 #0 - SUBJECT ADDED ENTRY--TOPICAL TERM | |
| Topical term or geographic name entry element | Estimation theory. |
| General subdivision | ME |
| 650 #0 - SUBJECT ADDED ENTRY--TOPICAL TERM | |
| Topical term or geographic name entry element | Distribution (Probability theory) |
| 650 #0 - SUBJECT ADDED ENTRY--TOPICAL TERM | |
| Topical term or geographic name entry element | Mathematical statistics. |
| 700 1# - ADDED ENTRY--PERSONAL NAME | |
| Personal name | Lumelʹskiĭ, I︠A︡n Petrovich. |
| 700 1# - ADDED ENTRY--PERSONAL NAME | |
| Personal name | Pensky, Marianna. |
| 906 ## - LOCAL DATA ELEMENT F, LDF (RLIN) | |
| a | 7 |
| b | cbc |
| c | copycat |
| d | 2 |
| e | ncip |
| f | 20 |
| g | y-gencatlg |
| 942 ## - ADDED ENTRY ELEMENTS (KOHA) | |
| Source of classification or shelving scheme | |
| Koha item type | Book |
| Withdrawn status | Lost status | Source of classification or shelving scheme | Damaged status | Not for loan | Permanent Location | Current Location | Date acquired | Source of acquisition | Cost, normal purchase price | Total Checkouts | Full call number | Barcode | Date last seen | Cost, replacement price | Price effective from | Koha item type |
|---|---|---|---|---|---|---|---|---|---|---|---|---|---|---|---|---|
| Pakistan Navy Engineering College (PNEC) | Pakistan Navy Engineering College (PNEC) | 07/19/2005 | Standard Books | 6259.00 | 620.00452 KOT | PNECLIB-027491 | 09/06/2014 | 6259.00 | 07/19/2005 | Book |
